Statistics for Locations by Letter - N

Click here to take the quiz!

General Stats

  • This quiz has been taken 40,204 times
  • The average score is 16 of 20

Answer Stats

DescriptionLocation% Correct
Country ruled by the despotic Kim Jong-unNorth Korea
97%
Most distant planet in the Solar SystemNeptune
96%
Where Santa livesNorth Pole
96%
Peter Pan's homelandNeverland
95%
Country of windmills and wooden shoesNetherlands
93%
U.S. state that is mostly desertNevada
92%
World's biggest waterfall by volumeNiagara
92%
Where kiwis roamNew Zealand
90%
Fjord-riddled countryNorway
90%
City where pizza is said to have originatedNaples
89%
Cathedral home to a hunchbackNotre Dame
87%
City where Jesus grew upNazareth
83%
Country where Sherpas liveNepal
83%
Where you might find
a talking lion named Aslan
Narnia
77%
City whose sheriff battled Robin HoodNottingham
74%
Miley Cyrus's home townNashville
64%
Japanese for JapanNippon
55%
There once was a man from this
limerick-friendly island
Nantucket
42%
Home planet of Padmé and Jar JarNaboo
37%
Setting of "Futurama"New New York
29%

Score Distribution

Percentile by Number Answered

Percent of People with Each Score

Your Score History

You have not taken this quiz